Monturiol
Descripción Física:
[91] p. : il, negre i col. ; 21'5 x 21'5 cm
MARC
| LEADER | 00000nam a2200000Ia 4500 | ||
|---|---|---|---|
| 001 | 1882 | ||
| 008 | 160829s1985 xx 000 0 cat d | ||
| 080 | |a C-1-312 | ||
| 100 | |a Monturiol, Narcís | ||
| 245 | |a Monturiol | ||
| 260 | |a Barcelona : |b Diputació de Barcelona. Servei de Cultura, |c 1985 | ||
| 300 | |a [91] p. : |b il, negre i col. ; |c 21'5 x 21'5 cm | ||
| 590 | |a Catàleg de l'exposició | ||
| 650 | |a Monturiol, Narcís |x Exposicions |9 37459 | ||
| 650 | |a Submarins |9 35842 | ||
| 710 | 1 | |a Barcelona (Catalunya : Província). |b Servei de Cultura |9 54401 | |
| 901 | |a Arxiu | ||
| 942 | |n 1 | ||
| 952 | |0 0 |1 0 |4 0 |6 C1312 |7 1 |9 47880 |a Arxiu |b Arxiu |d 2016-12-01 |l 0 |o C-1-312 |p 1882 |r 2016-12-01 00:00:00 |w 2016-12-01 |y ARXIU | ||
| 999 | |c 51680 |d 51680 | ||